Effects of risk and promotive factors on alcohol, tobacco and other drugs behaviours : (Record no. 15388)
[ view plain ]
| 000 -LEADER | |
|---|---|
| fixed length control field | 00793cam a22002052 4500 |
| 001 - CONTROL NUMBER | |
| control field | 0000024630 |
| 005 - DATE AND TIME OF LATEST TRANSACTION | |
| control field | 20151217161557.0 |
| 008 - FIXED-LENGTH DATA ELEMENTS--GENERAL INFORMATION | |
| fixed length control field | 140120s xx 000 0 eng d |
| 040 ## - CATALOGING SOURCE | |
| Original cataloging agency | KABU |
| Transcribing agency | KABU |
| 100 1# - MAIN ENTRY--PERSONAL NAME | |
| Personal name | Oteyo, John Samson. |
| -- | 0000185017 |
| 245 10 - TITLE STATEMENT | |
| Title | Effects of risk and promotive factors on alcohol, tobacco and other drugs behaviours : |
| Remainder of title | a case of secondary school students of Kiambu and Nairobi counties of Kenya / |
| Statement of responsibility, etc. | John Samson Oteyo. |
| 260 ## - PUBLICATION, DISTRIBUTION, ETC. (IMPRINT) | |
| Place of publication, distribution, etc. | Kabarak, Kenya : |
| Name of publisher, distributor, etc. | Kabarak University, |
| Date of publication, distribution, etc. | 2013. |
| 300 ## - PHYSICAL DESCRIPTION | |
| Extent | xvii, 153 Leaves. |
| 502 ## - DISSERTATION NOTE | |
| Dissertation note | Thesis (PhD) - Kabarak University, 2013. |
| 650 #0 - SUBJECT ADDED ENTRY--TOPICAL TERM | |
| Topical term or geographic name as entry element | Alcoholism and education. |
| -- | 0000185018 |
| 650 #0 - SUBJECT ADDED ENTRY--TOPICAL TERM | |
| Topical term or geographic name as entry element | Drug abuse. |
| -- | 0000153127 |
| 908 ## - PUT COMMAND PARAMETER (RLIN) | |
| Put command parameter | 140120 |
| 950 ## - LOCAL HOLDINGS (RLIN) | |
| -- | 1 |
| Withdrawn status | Lost status | Source of classification or shelving scheme | Not for loan | Home library | Current library | Date acquired | Total Checkouts | Full call number | Barcode | Date last seen | Date last checked out | Price effective from | Koha item type |
|---|---|---|---|---|---|---|---|---|---|---|---|---|---|
| Library of Congress Classification | Kabarak, Main Campus | Kabarak, Main Campus | 17/12/2015 | 5 | HV5128 .K46O84 2013 c. 1 | 016386 | 10/11/2017 | 10/11/2017 | 17/12/2015 | Thesis, Dissertation and Projecs |